000 005910000a22002170004500
999 _c48857
_d48857
001 1699
003 CO-MdFUSB
005 20180503132147.0
008 180503b xxu||||| |||| 00| 0 eng d
020 _a978-84-494-2330-7
040 _cCO-MdBIC
082 0 4 _a036 Oc2P
100 1 _aGispert, Carlos de
245 1 0 _aPrimaria activa : enciclopedia escolar / dirección Carlos de Gispert
260 _aBarcelona : Océano
300 _a348 P.
500 _aIncluye CD-ROM adjunto / incluye indice
505 0 0 _a4v
650 1 4 _aEnciclopedias y diccionarios infantiles
942 _cLGB